000 00316nam a22001337a 4500
008 170516b xxu||||| |||| 00| 0 eng d
020 _a9780892064694
041 _aeng
080 _a94
100 _a16
101 _aSHH
245 _aIRAN S DEVELOPING MILITARY CAPABILITIES
_cCORDESMAN.A.H
942 _2udc
_cBK
999 _c13409
_d13409